Регионална библиотека "Любен Каравелов" - Русе

Съчинения (Запис номер 164219)

MARC детайли
000 -Лидер
Контролно поле с фиксирана дължина 01264nam a2200313 c 4500
003 - Код на организацията, давaща контролен номер
Контролно поле BLK
005 - Дата и час на последна редакция
Контролно поле 20250201005444.0
008 - Елементи от данни с фиксирана дължина
fixed length control field 180410b bul|||||r ||||||| ||bul||
010 ## - Наследен системен номер
LC control number KNG00171717000
040 ## - Източник на каталожния запис
Идентификатор на билиотеката - собственик на записа BLK
041 ## - Код за език
Код за езика на текст/звукозапис или на отделно заглавие Български
Код за езика КДБФ Български
080 ## - УДК
Текстов определител УДК Българска литература
УДК код - определител по УДК 821.163.2
УДК определител -82
УДК - код + определител 821.163.2-82
139 ## - Редно поле
Редна дума Влайков, Тодор Генчов
Авторски знак Влайков - В 71
245 10 - Сведения за заглавието
Заглавие Съчинения
Подзаглавни данни В 8 т.
Редно поле (дума) Тодор Генчов Влайков; предг. от Георги Константинов; ред. на том Иван Сестримски.
Том Т. 4.
257 ## - Страна на издаване
Страна на създаване/издаване България
260 ## - Област на издателските данни
Име на издателя, разпространителя и проч. Бълг. писател
Година на издаване 1963-1964
Място на издаване, разпространение и проч. София
300 ## - Физическа характеристика
Размери/Мащаб 25 см
380 ## - Жанр
Жанр Худож. лит.
700 ## - Други автори (авторска отговорност)
Лично име Константинов, Георги
Друга информация Христов, Георги Константинов
9 (RLIN) 364908
700 1# - Други автори (авторска отговорност)
Лично име Сестримски, Иван
Автороска отговорност (Описва отношението между автора и произведението) ред. на том
9 (RLIN) 363551
760 1# - Описание на основната серия
Редна дума на основното описание Влайков, Тодор Генчов
Място на издаване, издател и година 1963
Страници - том 419 с., 4 л. : портр.
Заглавие Т. 4.
852 ## - Местоположение
Форматна сигнатура Цб 25922
856 4# - Електронен адрес и достъп
Електронен формат pdf - файл
856 4# - Електронен адрес и достъп
Електронен формат pdf - файл
999 ## - СИСТЕМНИ КОНТРОЛНИ НОМЕРА
Koha biblionumber 164219
Koha biblioitemnumber 164219
942 ## - АРТИКУЛИ
Вид на библиотечния материал Книги
Скрит в OPAC Не
Периодичен библиозапис Да
944 ## - СЪЗДАВАНЕ И РЕДАКЦИЯ на ЗАПИСА
Създаване/Редакция Създаване
Дата на регистрацията/редакция 20.02.2015
Служител, извършил регистрацията/редакцията
Статус, дата на статуса CRON CRON
944 ## - СЪЗДАВАНЕ И РЕДАКЦИЯ на ЗАПИСА
Създаване/Редакция Редакция
Дата на регистрацията/редакция 20.02.2015
Служител, извършил регистрацията/редакцията Ренета_Константинова
999 ## - СИСТЕМНИ КОНТРОЛНИ НОМЕРА
Koha biblioitemnumber 164219
Наличности
Код за отписване Код за изгубен артикул Източник на класификационната схема Код за повреда Коз за рестрикции Код за отдаване Артикулен № Име на библиотеката - собственик Име на библиотеката, в която се намира в момента Статус (Текущо местоположение) Дата на вписване в системата Местоположение - отдел Цена в лева Инвентарен номер Систематично азбучна сигнатура Баркод Номер на екземпляра Цена в евро Служебна бележка Служебен тип на артикула Бележка за публиката
  Не е изгубен Universal Decimal Classification Не е повреден без рестрикции ползва се в читалня 275906 Регионална библиотека "Любен Каравелов" Русе Регионална библиотека "Любен Каравелов" Русе Хранилище 1963-01-01 Хранилище 0.00 10172/63 Цб 25922 900000090642 1 0.00 Дост: Dp Вид: Д N: стар фонд Дата: 01.01.1963 Книги  
Изтеглен Не е изгубен Universal Decimal Classification Не е повреден без рестрикции заемане за дома 275907 Регионална библиотека "Любен Каравелов" Русе Регионална библиотека "Любен Каравелов" Русе Заемна - подръчен фонд 1963-01-01 Заемна - подръчен фонд 1.40 10839/63 П 886.7-8/В 71 10839/63 2 0.72 Вид: Сф N: стар фонд Дата: 01.01.1963 Дата инв: 13.02.2018 Бележки инв: П2018 Книги  
Изтеглен Не е изгубен Universal Decimal Classification Не е повреден без рестрикции заемане за дома 275908 Регионална библиотека "Любен Каравелов" Русе Регионална библиотека "Любен Каравелов" Русе Заемна - подръчен фонд 1963-01-01 Заемна - подръчен фонд 1.40 10840/63 П 886.7-8/В 71 10840/63 3 0.72 Вид: Сф N: стар фонд Дата: 01.01.1963 Дата инв: 13.02.2018 Бележки инв: П2018 Книги  
Изтеглен Не е изгубен   Не е повреден без рестрикции заемане за дома 275909 Регионална библиотека "Любен Каравелов" Русе Регионална библиотека "Любен Каравелов" Русе   1963-01-01 Заемна - подръчен фонд 1.40 10841/63 П 886.7-8/В 71 10841/63 4 0.72 Вид: Сф N: стар фонд Дата: 01.01.1963 Книги Отч.N: 12/2018 , Дата: 02.02.2018
Vip Innovations Ltd, Rousse, Bulgaria 2025